000 00423nam a22001697a 4500
003 MPLRDC
005 20220104113614.0
008 210129b ||||| |||| 00| 0 eng d
082 _a857.62 KNDE-7 c.2
100 _a柯南道尔
245 _a四签名
_c严仁曾译
260 _a
_b香港日新书店
_c1960
300 _b
490 _a福尔摩斯侦探案
650 _a推理小说
942 _cBK
_o857.62 KNDE-7 c.2
999 _c936
_d926